| 000 | 00000nam 2200000za 4500 |
| 001 | 9.816799 |
| 003 | CaOODSP |
| 005 | 20250303104652 |
| 007 | cr ||||||||||| |
| 008 | 160503s1922 onc ||||o f000 0 eng d |
| 040 | |aCaOODSP|beng |
| 043 | |an-cn--- |
| 086 | 1 |aA12-2/8-1922E-PDF |
| 100 | 1 |aShutt, Frank T. |q(Frank Thomas), |d1859-1940. |
| 245 | 10|aFertilizers for field crops |h[electronic resource] : |btheir nature, functions and application, with results from recent experiments in Canada / |cby Frank T. Shutt and B. Leslile Emslie. |
| 260 | |aOttawa : |bDept. of Agriculture : |bDivision of Chemistry, Dominion Experimental Farms, |c1922. |
| 300 | |a64 p. |
| 490 | 1 |aBulletin, New series |vno. 8 |
| 500 | |aHistorical publication digitized by Agriculture and Agri-Food Canada. |
| 500 | |aIssued also in French under title: Engrais pur les récoltes de la ferme : nature, action et mode d'emploi et résultats d'essais récents exécutés au Canada. |
| 692 | 07|2gccst|aFertilizers |
| 692 | 07|2gccst|aCrops |
| 700 | 1 |aEmslie, B. Leslie. |
| 710 | 1 |aCanada. |bDepartment of Agriculture. |
| 710 | 2 |aDominion Experimental Farms and Stations (Canada) |
| 775 | 08|tEngrais pour les récoltes de la ferme : |w(CaOODSP)9.905296 |
| 830 | #0|aBulletin (Canada. Department of Agriculture)|vno.8|w(CaOODSP)9.812039 |
| 856 | 40|qPDF|s5.15 MB|uhttps://publications.gc.ca/collections/collection_2016/aac-aafc/agrhist/A12-2-8-1922-eng.pdf |